Southville International School and Colleges
Your cart is empty.
  • Cart
  • Lists
    Public lists Eva Luna New books Lux_list list_1
    Your lists Log in to create your own lists
  • Log in to your account
  • Your cookies
  • Search history
Southville International School and Colleges
  • Advanced search
  • Recent comments
  • Most popular
  • Libraries

Log in to your account

Log in with GOOGLE


If you do not have an external account, but do have a local account, you can still log in:

  1. Home
  2. MARC view: How were the Filipino comfort women portrayed in different forms of media /
Normal view MARC view ISBD view

How were the Filipino comfort women portrayed in different forms of media / (Record no. 98252)

[ view plain ]
MARC details
000 -LEADER
fixed length control field 00708nam a2200193 a 4500
003 - CONTROL NUMBER IDENTIFIER
control field 0
005 - DATE AND TIME OF LATEST TRANSACTION
control field 20250311150856.0
008 - FIXED-LENGTH DATA ELEMENTS--GENERAL INFORMATION
fixed length control field 090710s19uu xx 00 eng d
050 ## - LIBRARY OF CONGRESS CALL NUMBER
Classification number PHS P 96.V5
Item number .L225 2009
100 ## - MAIN ENTRY--PERSONAL NAME
Personal name Lambo, Dea Jenine B.
245 ## - TITLE STATEMENT
Title How were the Filipino comfort women portrayed in different forms of media /
Statement of responsibility, etc Dea Jenine B. Lambo.
260 ## - PUBLICATION, DISTRIBUTION, ETC. (IMPRINT)
Place of publication, distribution, etc Las Piñas City, Philippines :
Name of publisher, distributor, etc Southville International School and Colleges,
Date of publication, distribution, etc 2009.
300 ## - PHYSICAL DESCRIPTION
Extent 19 pages ;
Dimensions 28 cm.
504 ## - BIBLIOGRAPHY, ETC. NOTE
Bibliography, etc Includes bibliographical references.
650 ## - SUBJECT ADDED ENTRY--TOPICAL TERM
Topical term or geographic name as entry element Comfort women
Geographic subdivision Philippines.
650 ## - SUBJECT ADDED ENTRY--TOPICAL TERM
Topical term or geographic name as entry element Mass media
General subdivision Social aspects
Geographic subdivision Philippines.
650 ## - SUBJECT ADDED ENTRY--TOPICAL TERM
Topical term or geographic name as entry element Women in mass media
Geographic subdivision Philippines.
942 ## - ADDED ENTRY ELEMENTS (KOHA)
Source of classification or shelving scheme Library of Congress Classification
Koha item type PASS
Holdings
Withdrawn status Lost status Source of classification or shelving scheme Damaged status Home library Current library Shelving location Date acquired Source of acquisition Total Checkouts Full call number Barcode Date last seen Price effective from Koha item type
    Library of Congress Classification   Luxembourg Library Luxembourg Library Portfolio Assessment of SISC Students Section 07/10/2009 Donation   PHS P 96.V5 .L225 2009 P2349 04/08/2014 04/08/2014 PASS

How were the Filipino comfort women portrayed in different forms of media /

APA

Lambo D. J. B., . (2009). How were the Filipino comfort women portrayed in different forms of media. Las Piñas City, Philippines: Southville International School and Colleges.

Chicago

Lambo Dea Jenine B, . 2009. How were the Filipino comfort women portrayed in different forms of media. Las Piñas City, Philippines: Southville International School and Colleges.

Harvard

Lambo D. J. B., . (2009). How were the Filipino comfort women portrayed in different forms of media. Las Piñas City, Philippines: Southville International School and Colleges.

MLA

Lambo Dea Jenine B, . How were the Filipino comfort women portrayed in different forms of media. Las Piñas City, Philippines: Southville International School and Colleges. 2009.

  • Print
  • Cite
  • Add to your cart (remove)
  • Save record
    BIBTEX Dublin Core MARCXML MARC (non-Unicode/MARC-8) MARC (Unicode/UTF-8) MARC (Unicode/UTF-8, Standard) MODS (XML) RIS
  • More searches
    Search for this title in:
    Other Libraries (WorldCat) Other Databases (Google Scholar) Online Stores (Bookfinder.com) Open Library (openlibrary.org)

Exporting to Dublin Core...

SOUTHVILLE LIBRARY

Southville International School and Colleges Library

1281 Tropical Ave. Cor. Luxembourg St., BF Homes International, Las Pinas City

Tel. No. 8256374 / 252358 Loc. 117/146

Powered by Koha